| 000 -LEADER |
| fixed length control field |
00544nam a22001937a 4500 |
| 008 - FIXED-LENGTH DATA ELEMENTS--GENERAL INFORMATION |
| fixed length control field |
150716b xxu||||| |||| 00| 0 alb d |
| 041 0# - LANGUAGE CODE |
| Language code of text/sound track or separate title |
alb |
| 080 ## - UNIVERSAL DECIMAL CLASSIFICATION NUMBER |
| Universal Decimal Classification number |
658.8 |
| 100 ## - Rafti |
| Rafti |
Elmazi, Liljana; Elmazi, Abedin ; |
| 245 ## - TITLE STATEMENT |
| Title |
Kërkimi marketing : |
| Statement of responsibility, etc |
Liljana Elmazi; Abedin Elmazi ; |
| 260 ## - |
| -- |
Tiranë : |
| -- |
Grand Prind, |
| -- |
2007. |
| 300 ## - |
| -- |
663 f. ; |
| -- |
23 cm. |
| 505 ## - |
| -- |
Bibliografia.: f.662-663 |
| 650 #0 - |
| -- |
Marketingu |
| 650 #0 - |
| -- |
Kërkimi |
| 650 #0 - |
| -- |
Tregu |
| 650 #0 - |
| -- |
Tekste për shkollat e larta |
| 942 ## - ADDED ENTRY ELEMENTS (KOHA) |
| Source of classification or shelving scheme |
|
| Item type |
Books |